| 000 | 005150000a22001810004500 | ||
|---|---|---|---|
| 003 | MACL | ||
| 005 | 20150812163723.0 | ||
| 008 | 150812b xxu||||| |||| 00| 0 eng d | ||
| 040 |
_aMACL _cMACL |
||
| 041 | _aEnglish | ||
| 082 | _a370/HER | ||
| 100 |
_aHeredia, Rudolf C. _95116 |
||
| 245 |
_aTribal Education for Community Development _bA study of Schooling in the Talasari Mission Area |
||
| 260 |
_bConcept Publishing Co. _c1992 _aNew Delhi |
||
| 350 | _a300 | ||
| 650 |
_aEducation _95117 |
||
| 942 |
_cBK _k370 _2ddc |
||
| 999 |
_c3972 _d3972 |
||